000 03732nab a2200289 i 4500
003 BR-BrBNA
005 20240202100659.0
008 240202b2018 bl.qr|pooa||| 00| 0 spa |
040 _aBR-BrBNA
_bspa
072 _aK10
100 _aSivisaca, Deicy Carolina Lozano
100 _aHerrera, Byron Gonzalo Palacios
100 _aMendoza, Zhofre Huberto Aguirre
245 _aModelos alométricos para estimar el almacenamiento de carbono de bosques montanos bajos en el sur del Ecuador
500 _aPublicação on-line; 48 ref.; 3 tables; 6 illus.; Summaries (En, Pt)
520 _a RESUMEN En Ecuador existen bosques montanos bajos de gran importancia biológica que proveen de servicios ecosistémicos como el almacenamiento de carbono. Por esta razón, se desarrolló una investigación que permitió elaborar modelos alométricos mediante la cuantificación de carbono en el bosque montano bajo. Se estableció una parcela permanente de una hectárea y se midieron todos los árboles con diámetro a la altura del pecho (DAP1,30m) ≥ 5 cm. Las variables que se usaron para la generación de los modelos fueron DAP y altura total (ht). La biomasa arbórea fue de 322,37 t ha-1 y el carbono total estimado fue de 161,07 t ha-1. En los modelos alométricos del estrato arbóreo, las variables que mejor se ajustaron fueron DAP, DAP2y ht. La familia botánica con mayor biomasa (69,95 t ha-1) y carbono (34,98 t C ha-1) fue Moraceae, que conjuntamente con Lauraceae, Myristicaceae y Rubiaceae almacenan el 57% de carbono (91,55 t C ha-1) del bosque montano bajo. De las 179 especies botánicas registradas, las especies Pseudolmedia laevigata, Nectandra reticulata, Otoba parvifolia, Vochysia paraensis, Ficus sp.y Elaeagia obovata almacenan el 51% (81 t C ha-1) del carbono total estimado. Palabras claves:biomasa; servicio ecosistémico; Lauraceae
520 _a ABSTRACT In Ecuador, there are montane forests of great biological importance that provide ecosystem services such as carbon storage. For this reason, we did this research for generate allometric models through by quantifying carbon in lower montane forests. We established one permanent plot of one hectare and measured all the trees with diameter at breast height (DBH1,30m)≥ 5 cm. The variables that were used to generate the models were: DBH and total height (th). The tree biomass was 322.37 t ha-1 and the estimated total carbon was 161.07 t ha-1. In the allometric models of the arboreal stratum, the variables that were adjusted best were: DBH, DBH2 and th. The botanical family with more biomass (69.95 t ha-1) and carbon (34.98 t C ha-1) was Moraceae, which together with Lauraceae, Rubiaceae and Myristicaceae stored the 57% carbon (91.55 t C ha-1) in the lower montane forest. Of the 179 botanical species registered, Pseudolmedia laevigata, Nectandra reticulata, Otoba parvifolia, Vochysia paraensis, Ficus sp and Elaeagia obovata stored 51% (81 t C ha-1) of carbon total estimated. Keywords: biomass; ecosystem service; Lauraceae.
650 _aFLORESTA
650 _aBIOMASSA
650 _aLAURACEAE
650 _aARMAZENAMENTO
650 _aCARBONO
773 0 _04065
_9198128
_dSanta Maria-RS Universidade Federal de Santa Maria - Centro de Pesquisas Florestais.Departamento de Ciências Florestais. Programa de Pós-Graduação em Engenharia Florestal 1991
_o2023-437009
_tCiência Florestal (Brazil)
_x0103-9954; 1980-5098 (on-line)
_gv. 28(3) p. 1328-1339 (Jul-Sep 2018)
_wBR2023001534
856 _uhttps://periodicos.ufsm.br/cienciaflorestal/article/view/33464/pdf
942 _cAnalítica
999 _c298432
_d298432